00781nam a2200253Ia 4500008004000000020001800040041000800058082001700066100002000083245005600103260004500159300001300204650000800217650001500225650001300240650001100253650000600264650001100270650001200281690001900293906001100312999001900323952018500342210210b2018 xxu||||| |||| 00| 0 eng d a9788129149978 aeng a954.035 ELSW aELST (Koenraad) aWhy i killed the Mahatma: uncovering Godses defence aNew DelhibRupa Publications Indiac2018 axvii,251 aWhy auncovering aMahatma: akilled ai aGodses adefence aIndian History a073132 c122981d122981 001040708HistoryaALbALcHistoryd2021-02-17eNavakarnataka Publication Pvt Ltd., Mangaloreg495.00l8m2o954.035 ELSWp073132r2025-12-13 08:44:13s2025-12-10w2021-02-17yBK